[Event "Pan American-ch Seniors 50"]
[Site "Lima"]
[Date "2023.04.28"]
[Round "5"]
[White "Frey Perez, Hugo"]
[Black "Iturry Quinonez, Milton"]
[Result "1/2-1/2"]
[WhiteElo "2296"]
[BlackElo "2234"]
[PlyCount "36"]
[EventDate "2023.04.26"]
[EventType "swiss"]
[EventRounds "9"]
[EventCountry "PER"]
[SourceTitle "CBM 214 Extra"]
[Source "ChessBase"]
[SourceDate "2023.07.31"]
[SourceVersion "1"]
[SourceVersionDate "2023.07.31"]
[SourceQuality "1"]

1. c4 Nf6 2. g3 e6 3. Nf3 d5 4. Bg2 Be7 5. 0-0 0-0 6. d4 c6 7. b3 b6 8. Bb2 Bb7 9. Nc3 Nbd7 10. Qc2 c5 11. cxd5 Nxd5 12. Nxd5 exd5 13. Rac1 Rc8 14. Rfd1 c4 15. bxc4 Rxc4 16. Qb3 Rb4 17. Qc2 Rc4 18. Qb3 Rb4 1/2-1/2

[Event "PER-ch"]
[Site "Lima"]
[Date "2004.03.11"]
[Round "5.2"]
[White "Pacheco, Marco"]
[Black "Iturry Quinonez, Milton"]
[Result "1-0"]
[WhiteElo "2304"]
[BlackElo "2222"]
[PlyCount "147"]
[EventDate "2004.03.05"]
[EventType "k.o."]
[EventRounds "8"]
[EventCountry "PER"]
[SourceTitle "CBM 099 Extra"]
[Source "ChessBase"]
[SourceDate "2004.05.04"]
[SourceVersion "1"]
[SourceVersionDate "2004.05.04"]
[SourceQuality "1"]

1. d4 d5 2. c4 e6 3. Nf3 Nf6 4. Nc3 Be7 5. Bg5 0-0 6. e3 Nbd7 7. Qc2 dxc4 8. Bxc4 c5 9. 0-0 cxd4 10. Nxd4 Qa5 11. Bh4 Ne5 12. Be2 Bd7 13. Bg3 Ng6 14. Bf3 Qb6 15. Na4 Qb4 16. Nc3 Rac8 17. a3 Qb6 18. Qb3 Qxb3 19. Nxb3 Bc6 20. Bxc6 Rxc6 21. Na5 Rb6 22. b4 Rc8 23. Rac1 Ne8 24. Na4 Rxc1 25. Rxc1 Rb5 26. Rc8 Kf8 27. Nc3 Rb6 28. Bc7 Ra6 29. b5 Rxa5 30. Bxa5 Bxa3 31. Nb1 Bd6 32. Ra8 Bc5 33. Nc3 b6 34. Na4 Bd6 35. Bc3 f6 36. Rxa7 Nc7 37. Nxb6 Nxb5 38. Ra8+ Kf7 39. Bd2 Ne5 40. Ra1 Be7 41. Kf1 h5 42. Ra5 Nd6 43. Ra7 Nb5 44. Ra5 Nd6 45. Ke2 g6 46. h3 Ne4 47. Be1 Nd6 48. Ra1 Nb5 49. Rb1 Nd6 50. Rc1 Bd8 51. Na4 g5 52. Rd1 Be7 53. Rc1 Bd8 54. Bb4 Nf5 55. Rc8 Be7 56. Rc7 Ng6 57. Nb2 Ke8 58. Bxe7 Nfxe7 59. Nc4 Kf8 60. g4 hxg4 61. hxg4 Nd5 62. Rb7 Nge7 63. Nd6 Nc6 64. Kf3 Kg8 65. Kg3 Ne5 66. Ne4 Kf8 67. Nc5 Nc3 68. Nxe6+ Ke8 69. f4 Ne4+ 70. Kh3 gxf4 71. exf4 Nf2+ 72. Kg2 Nexg4 73. Kf3 f5 74. Nd4 1-0

[Event "PER-ch"]
[Site "Lima"]
[Date "2004.03.07"]
[Round "3.2"]
[White "Samame Castillo, Juan Jose"]
[Black "Iturry Quinonez, Milton"]
[Result "1/2-1/2"]
[WhiteElo "2229"]
[BlackElo "2222"]
[PlyCount "41"]
[EventDate "2004.03.05"]
[EventType "k.o."]
[EventRounds "8"]
[EventCountry "PER"]
[SourceTitle "CBM 099 Extra"]
[Source "ChessBase"]
[SourceDate "2004.05.04"]
[SourceVersion "1"]
[SourceVersionDate "2004.05.04"]
[SourceQuality "1"]

1. Nf3 Nf6 2. d4 c5 3. d5 e6 4. c4 exd5 5. cxd5 d6 6. Nc3 g6 7. g3 Bg7 8. Bg2 0-0 9. 0-0 Re8 10. Bf4 a6 11. a4 h6 12. h3 g5 13. Bc1 Nbd7 14. h4 g4 15. Nd2 Rb8 16. Nc4 Ne5 17. Nxe5 Rxe5 18. Bf4 Re8 19. Qd2 Kh7 20. Qc2+ Kg8 21. Qd2 1/2-1/2

[Event "PER-ch"]
[Site "Lima"]
[Date "2004.03.06"]
[Round "2.2"]
[White "Ledesma, Otoniel"]
[Black "Iturry Quinonez, Milton"]
[Result "0-1"]
[WhiteElo "2206"]
[BlackElo "2222"]
[PlyCount "95"]
[EventDate "2004.03.05"]
[EventType "k.o."]
[EventRounds "8"]
[EventCountry "PER"]
[SourceTitle "CBM 099 Extra"]
[Source "ChessBase"]
[SourceDate "2004.05.04"]
[SourceVersion "1"]
[SourceVersionDate "2004.05.04"]
[SourceQuality "1"]

1. d4 Nf6 2. Bg5 e6 3. e4 h6 4. Bxf6 Qxf6 5. Nf3 d6 6. e5 Qd8 7. c3 Nd7 8. exd6 cxd6 9. Bd3 Be7 10. Nbd2 0-0 11. 0-0 Nf6 12. Re1 b6 13. Qe2 Bb7 14. Rad1 Re8 15. Bb1 Bf8 16. Qd3 Qc7 17. Re2 e5 18. dxe5 dxe5 19. Rde1 e4 20. Qc2 Bd6 21. Nxe4 Bxe4 22. Rxe4 Nxe4 23. Rxe4 g6 24. h4 h5 25. Qe2 Re7 26. Bd3 Rae8 27. Rxe7 Qxe7 28. Qxe7 Rxe7 29. Kf1 Bf4 30. Bb5 Bc1 31. b3 Bb2 32. c4 a5 33. Bc6 Kg7 34. g3 f6 35. Bd5 Kh6 36. a4 Bc3 37. Bc6 g5 38. hxg5+ fxg5 39. Bd5 Kg6 40. Bc6 Kf6 41. Bd5 g4 42. Nh4 Re1+ 43. Kg2 Re2 44. Kf1 Rb2 45. c5 bxc5 46. f3 Be5 47. f4 Bd4 48. Bc4 0-1

[Event "PER Grand Prix 1st"]
[Site "Lima"]
[Date "2004.??.??"]
[Round "1"]
[White "Iturry Quinonez, Milton"]
[Black "Gutierrez, Carlos"]
[Result "1-0"]
[WhiteElo "2222"]
[BlackElo "2097"]
[PlyCount "39"]
[EventDate "2004.04.12"]
[EventType "swiss"]
[EventRounds "9"]
[EventCountry "PER"]
[SourceTitle "EXT 2005"]
[Source "ChessBase"]
[SourceDate "2004.11.15"]
[SourceVersion "1"]
[SourceVersionDate "2004.11.15"]
[SourceQuality "1"]

1. e4 c5 2. Nf3 d6 3. d4 cxd4 4. Nxd4 Nf6 5. Nc3 Nc6 6. Bg5 e6 7. Qd2 h6 8. Bxf6 gxf6 9. 0-0-0 a6 10. Be2 Be7 11. Bh5 Qa5 12. g4 Bd7 13. f4 Rc8 14. Kb1 b5 15. f5 Ne5 16. fxe6 Nc4 17. exd7+ Kxd7 18. Qd3 Qb4 19. Nb3 a5 20. Nd5 1-0

[Event "Arequipa Cup"]
[Site "Arequipa"]
[Date "2003.12.05"]
[Round "1"]
[White "Arotoma Pablo, Danilo Ivan"]
[Black "Iturry Quinonez, Milton"]
[Result "0-1"]
[WhiteElo "2114"]
[BlackElo "2222"]
[PlyCount "134"]
[EventDate "2003.12.06"]
[EventType "swiss"]
[EventRounds "9"]
[EventCountry "PER"]
[SourceTitle "EXT 2005"]
[Source "ChessBase"]
[SourceDate "2004.11.15"]
[SourceVersion "1"]
[SourceVersionDate "2004.11.15"]
[SourceQuality "1"]

1. d4 Nf6 2. Nf3 e6 3. Bg5 c5 4. e3 Qb6 5. Qc1 Ne4 6. Bh4 Nc6 7. Bd3 d5 8. c3 Bd6 9. Bxe4 dxe4 10. Nfd2 f5 11. Nc4 Qc7 12. Nxd6+ Qxd6 13. Bg3 Qe7 14. Nd2 0-0 15. h4 b6 16. Nc4 Ba6 17. Ne5 Rac8 18. Qd2 cxd4 19. exd4 Nxe5 20. Bxe5 Bd3 21. Qg5 Qf7 22. h5 b5 23. Rh3 h6 24. Qf4 Kh7 25. Rg3 Rg8 26. Rg6 b4 27. Rc1 bxc3 28. bxc3 Rc6 29. Bxg7 Qxg7 30. Rxg7+ Kxg7 31. Qe5+ Kf7 32. d5 Ra6 33. dxe6+ Rxe6 34. Qxf5+ Rf6 35. Qd7+ Kf8 36. Qd8+ Kf7 37. Qd5+ Kf8 38. Qc5+ Kf7 39. Qxa7+ Kf8 40. Qc5+ Kf7 41. Qc7+ Kf8 42. g3 Rg5 43. c4 Rxh5 44. c5 Rh1+ 45. Kd2 Rxf2+ 46. Ke3 Rf3+ 47. Kd4 Rxc1 48. c6 Rf7 49. Qd6+ Kg7 50. Qe5+ Kh7 51. Qe6 Kg7 52. Qe5+ Kg6 53. Qe6+ Kg7 54. Qe5+ Kh7 55. Qe6 Rc4+ 56. Kd5 Kg7 57. Qe5+ Kg6 58. Qe6+ Rf6 59. Qg4+ Kf7 60. Qd7+ Kg8 61. Qe8+ Kg7 62. Qe7+ Kg6 63. Qe8+ Kg5 64. Qg8+ Kh5 65. Qe8+ Kg4 66. Qc8+ Kf3 67. c7 Rfc6 0-1

[Event "PER-chT"]
[Site "Peru"]
[Date "2000.??.??"]
[Round "?"]
[White "Iturry Quinonez, Milton"]
[Black "Requejo, Oswaldo"]
[Result "1/2-1/2"]
[WhiteElo "2207"]
[BlackElo "2265"]
[PlyCount "79"]
[EventDate "2000.??.??"]
[EventType "team"]
[EventRounds "11"]
[EventCountry "PER"]
[SourceTitle "EXT 2002"]
[Source "ChessBase"]
[SourceDate "2001.11.25"]
[SourceVersion "1"]
[SourceVersionDate "2001.11.25"]
[SourceQuality "1"]

1. e4 c5 2. Nf3 d6 3. g3 Nf6 4. d3 g6 5. Bg2 Bg7 6. 0-0 0-0 7. c3 Nc6 8. Re1 e5 9. a3 Rb8 10. b4 a6 11. Nbd2 cxb4 12. cxb4 d5 13. Bb2 Bg4 14. exd5 Nxd5 15. h3 Bxf3 16. Nxf3 Qd6 17. Nd2 Rbd8 18. Nc4 Qb8 19. Rc1 Rfe8 20. Qb3 Nde7 21. Be4 b5 22. Nd2 Nd4 23. Bxd4 exd4 24. Bg2 Bh6 25. Ne4 Bxc1 26. Nf6+ Kg7 27. Nxe8+ Rxe8 28. Rxc1 Nf5 29. Qd5 Re5 30. Qb7 Qe8 31. Rc7 Qe6 32. Qc6 Re1+ 33. Kh2 Qa2 34. Qf3 Re2 35. Kg1 Re1+ 36. Kh2 Re2 37. Kg1 Re1+ 38. Kh2 Re2 39. Kg1 Re1+ 40. Kh2 1/2-1/2

[Event "PER-chT"]
[Site "Peru"]
[Date "2000.??.??"]
[Round "?"]
[White "Yale, Jorge"]
[Black "Iturry Quinonez, Milton"]
[Result "1-0"]
[WhiteElo "2105"]
[BlackElo "2207"]
[PlyCount "45"]
[EventDate "2000.??.??"]
[EventType "team"]
[EventRounds "11"]
[EventCountry "PER"]
[SourceTitle "EXT 2002"]
[Source "ChessBase"]
[SourceDate "2001.11.25"]
[SourceVersion "1"]
[SourceVersionDate "2001.11.25"]
[SourceQuality "1"]

1. d4 d5 2. c4 dxc4 3. Nf3 Nf6 4. e3 e6 5. Bxc4 c5 6. 0-0 a6 7. Qe2 Nc6 8. Rd1 Qc7 9. Nc3 b5 10. Bb3 Bb7 11. d5 exd5 12. e4 0-0-0 13. Nxd5 Nxd5 14. Bxd5 Bd6 15. Be3 Kb8 16. Rac1 Qe7 17. a4 bxa4 18. Qc4 f6 19. Qxa4 Rc8 20. Nd2 Rhd8 21. Nb3 Qe5 22. f4 Qxb2 23. Rd2 1-0

[Event "WchT U26 11th"]
[Site "Roque Saenz Pena"]
[Date "1997.08.11"]
[Round "6"]
[White "Escobar Forero, Alder"]
[Black "Iturry Quinonez, Milton"]
[Result "0-1"]
[WhiteElo "2420"]
[BlackElo "2180"]
[PlyCount "72"]
[EventDate "1997.08.06"]
[EventType "team-swiss"]
[EventRounds "9"]
[EventCountry "ARG"]
[SourceTitle "EXT 2020"]
[Source "ChessBase"]
[SourceDate "2019.10.17"]
[SourceVersion "1"]
[SourceVersionDate "2019.10.17"]
[SourceQuality "1"]
[WhiteTeam "Colombia"]
[BlackTeam "Peru"]
[WhiteTeamCountry "COL"]
[BlackTeamCountry "PER"]

1. e4 c5 2. Nf3 Nc6 3. d4 cxd4 4. Nxd4 e5 5. Nb5 a6 6. Nd6+ Bxd6 7. Qxd6 Qf6 8. Qa3 Nge7 9. Be3 d5 10. Bc5 d4 11. Nd2 0-0 12. Be2 Re8 13. h4 Ng6 14. g3 h6 15. Nc4 Be6 16. Nd6 Reb8 17. Bb6 Qe7 18. h5 Nf8 19. f4 a5 20. fxe5 Nb4 21. 0-0 Nxc2 22. Qd3 Nxa1 23. Rxa1 Nd7 24. Bxd4 f6 25. Qb5 fxe5 26. Bxe5 Nxe5 27. Qxe5 Rd8 28. Rd1 Rd7 29. Bb5 Rc7 30. b3 Rd8 31. Rd2 Qf6 32. Qf4 Rc1+ 33. Kh2 Qc3 34. Be8 Rc2 35. Bf7+ Kh8 36. Rf2 Qc5 0-1

[Event "WchT U26 11th"]
[Site "Roque Saenz Pena"]
[Date "1997.08.09"]
[Round "4"]
[White "Hernandez, Gustavo2222"]
[Black "Iturry Quinonez, Milton"]
[Result "1/2-1/2"]
[WhiteElo "2240"]
[BlackElo "2180"]
[PlyCount "81"]
[EventDate "1997.08.06"]
[EventType "team-swiss"]
[EventRounds "9"]
[EventCountry "ARG"]
[SourceTitle "EXT 2020"]
[Source "ChessBase"]
[SourceDate "2019.10.17"]
[SourceVersion "1"]
[SourceVersionDate "2019.10.17"]
[SourceQuality "1"]
[WhiteTeam "Venezuela"]
[BlackTeam "Peru"]
[WhiteTeamCountry "VEN"]
[BlackTeamCountry "PER"]

1. e4 d5 2. exd5 Qxd5 3. Nc3 Qa5 4. d4 Nf6 5. Nf3 Bg4 6. h3 Bh5 7. Bd2 Nbd7 8. Bc4 c6 9. g4 Bg6 10. Qe2 Qb6 11. 0-0-0 0-0-0 12. Ng5 e6 13. h4 h6 14. h5 Bd3 15. Bxd3 hxg5 16. Be3 Qa5 17. Kb1 Ba3 18. Ne4 Nxe4 19. Bxe4 Nf6 20. Bf3 Bd6 21. Qd2 Qxd2 22. Rxd2 Nh7 23. Be4 Be7 24. c4 Nf6 25. f3 g6 26. h6 Nxe4 27. fxe4 f5 28. exf5 gxf5 29. d5 cxd5 30. cxd5 fxg4 31. Bd4 Rh7 32. dxe6 Rd6 33. Rc2+ Kd8 34. Bg7 Rxe6 35. Rg2 Bf6 36. Bxf6+ Rxf6 37. Rxg4 Rfxh6 38. Rxh6 Rxh6 39. Rxg5 Kc7 40. Kc2 Kc6 41. Rf5 1/2-1/2

[Event "PER-ch U26"]
[Site "Peru"]
[Date "1997.??.??"]
[Round "7"]
[White "Esplana, Christian"]
[Black "Iturry Quinonez, Milton"]
[Result "0-1"]
[WhiteElo "2055"]
[BlackElo "2150"]
[PlyCount "40"]
[EventDate "1997.??.??"]
[EventType "swiss"]
[EventRounds "7"]
[EventCountry "PER"]
[SourceTitle "EXT 2000"]
[Source "ChessBase"]
[SourceDate "1999.11.16"]
[SourceVersion "1"]
[SourceVersionDate "1999.11.16"]
[SourceQuality "1"]

1. e4 c5 2. Nf3 d6 3. d4 cxd4 4. Nxd4 Nf6 5. Nc3 a6 6. Bc4 e6 7. Bb3 b5 8. a3 Bb7 9. 0-0 Qd7 10. Re1 Be7 11. f4 Nc6 12. f5 Nxd4 13. Qxd4 exf5 14. exf5 0-0 15. Bg5 Rfe8 16. Re6 Qc6 17. Re2 d5 18. Be3 Bd6 19. Kh1 Be5 20. Qc5 d4 0-1

[Event "PER-ch45"]
[Site "Peru"]
[Date "1997.??.??"]
[Round "7"]
[White "Granda Zuniga, Julio E"]
[Black "Iturry Quinonez, Milton"]
[Result "1-0"]
[WhiteElo "2620"]
[BlackElo "2150"]
[PlyCount "55"]
[EventDate "1997.??.??"]
[EventType "tourn"]
[EventRounds "11"]
[EventCountry "PER"]
[SourceTitle "EXT 1999"]
[Source "ChessBase"]
[SourceDate "1998.11.16"]
[SourceVersion "1"]
[SourceVersionDate "1998.11.16"]
[SourceQuality "1"]

1. Nf3 d5 2. c4 e6 3. g3 Nf6 4. Bg2 Be7 5. 0-0 0-0 6. cxd5 exd5 7. d4 c6 8. Nc3 Nbd7 9. Qc2 Bd6 10. Bf4 Qe7 11. Bxd6 Qxd6 12. Nd2 Nb6 13. Nb3 a5 14. Rad1 Re8 15. Rfe1 Be6 16. Nc5 Qc7 17. f3 Nbd7 18. Nxe6 Rxe6 19. e4 Qb6 20. Kh1 dxe4 21. fxe4 Rae8 22. Bh3 R6e7 23. e5 Nf8 24. Bg2 Qd8 25. Qb3 Ng4 26. Ne4 Rd7 27. Rf1 Rxe5 28. dxe5 1-0

[Event "PER-ch45"]
[Site "Peru"]
[Date "1997.??.??"]
[Round "4"]
[White "Iturry Quinonez, Milton"]
[Black "Cruz Estrada, Filemon"]
[Result "1/2-1/2"]
[WhiteElo "2150"]
[BlackElo "2355"]
[PlyCount "56"]
[EventDate "1997.??.??"]
[EventType "tourn"]
[EventRounds "11"]
[EventCountry "PER"]
[SourceTitle "EXT 1999"]
[Source "ChessBase"]
[SourceDate "1998.11.16"]
[SourceVersion "1"]
[SourceVersionDate "1998.11.16"]
[SourceQuality "1"]

1. e4 d5 2. exd5 Qxd5 3. Nc3 Qa5 4. d4 c6 5. Bd3 Nf6 6. Nf3 Bg4 7. h3 Bh5 8. g4 Bg6 9. Ne5 e6 10. 0-0 Nbd7 11. Bf4 Nxe5 12. dxe5 Nd5 13. Nxd5 cxd5 14. Qe2 Bxd3 15. Qxd3 Be7 16. Bd2 Qb6 17. Be3 Bc5 18. Bxc5 Qxc5 19. c3 0-0 20. Kg2 b5 21. a3 a5 22. Rac1 Rac8 23. f4 Qc4 24. Qe3 Rc7 25. Rcd1 Qc5 26. Rd4 Re8 27. Rf3 Qe7 28. Kg3 Rc4 1/2-1/2

[Event "PER-ch45"]
[Site "Peru"]
[Date "1997.??.??"]
[Round "3"]
[White "Oblitas Guerrero, Carlomagno"]
[Black "Iturry Quinonez, Milton"]
[Result "1-0"]
[WhiteElo "2420"]
[BlackElo "2150"]
[PlyCount "87"]
[EventDate "1997.??.??"]
[EventType "tourn"]
[EventRounds "11"]
[EventCountry "PER"]
[SourceTitle "EXT 1999"]
[Source "ChessBase"]
[SourceDate "1998.11.16"]
[SourceVersion "1"]
[SourceVersionDate "1998.11.16"]
[SourceQuality "1"]

1. e4 c5 2. Nf3 d6 3. c3 Nf6 4. Be2 Nc6 5. d4 e5 6. dxe5 Nxe5 7. 0-0 Be7 8. Qc2 Bd7 9. Rd1 Qc7 10. Nxe5 dxe5 11. c4 0-0 12. Nc3 a6 13. b3 Bc6 14. Bd3 h6 15. Nd5 Nxd5 16. exd5 Bd7 17. Bh7+ Kh8 18. Bf5 Bd6 19. Bb2 Rae8 20. Re1 b5 21. Re3 bxc4 22. bxc4 Bxf5 23. Qxf5 f6 24. Rh3 e4 25. Re1 Be5 26. Bc1 Qa5 27. Rf1 Rf7 28. Qg6 Kg8 29. Bxh6 f5 30. Bg5 Rff8 31. Qh7+ Kf7 32. Qxf5+ Kg8 33. Qh7+ Kf7 34. Be3 Bf6 35. Qh5+ Kg8 36. Qh7+ Kf7 37. Rg3 Qb4 38. Bh6 Rg8 39. Qg6+ Ke7 40. Be3 Qxc4 41. Qf5 Kf8 42. Rc1 Qxa2 43. Bxc5+ Kf7 44. Qg6# 1-0

[Event "PER-ch U26"]
[Site "Peru"]
[Date "1997.??.??"]
[Round "5"]
[White "Ramirez, Cesar"]
[Black "Iturry Quinonez, Milton"]
[Result "0-1"]
[WhiteElo "2205"]
[BlackElo "2150"]
[PlyCount "112"]
[EventDate "1997.??.??"]
[EventType "swiss"]
[EventRounds "7"]
[EventCountry "PER"]
[SourceTitle "EXT 2000"]
[Source "ChessBase"]
[SourceDate "1999.11.16"]
[SourceVersion "1"]
[SourceVersionDate "1999.11.16"]
[SourceQuality "1"]

1. e4 c5 2. Nc3 Nc6 3. g3 g6 4. Bg2 Bg7 5. Nh3 e5 6. 0-0 d6 7. f4 exf4 8. Nxf4 Nf6 9. d3 0-0 10. h3 Rb8 11. g4 b5 12. g5 Ne8 13. h4 Nc7 14. Ncd5 Nxd5 15. Nxd5 h5 16. Nf6+ Bxf6 17. gxf6 Ne5 18. Qd2 Ng4 19. Qg5 Re8 20. Bh3 Re5 21. Qf4 Qd7 22. Bd2 b4 23. Rf3 Qd8 24. Raf1 Qf8 25. Rg3 Bd7 26. c3 bxc3 27. Bxc3 Ree8 28. Bxg4 Bxg4 29. Rxg4 hxg4 30. h5 g5 31. Qxg5+ Kh7 32. Qf5+ Kh8 33. h6 Qxh6 34. Bd2 Qh7 35. Bc3 Rg8 36. Qxh7+ Kxh7 37. Kg2 Rg5 38. Kg3 Rbg8 39. Rh1+ Kg6 40. Rh4 Rb8 41. Rxg4 Rxg4+ 42. Kxg4 Rh8 43. d4 cxd4 44. Bxd4 a6 45. e5 d5 46. Kf4 Rh3 47. Bc3 Rd3 48. a4 Rh3 49. a5 Rh4+ 50. Ke3 Kf5 51. Kd3 Ke6 52. Ke3 Re4+ 53. Kd3 Kd7 54. Bd4 Kc6 55. Bc3 Kb5 56. b4 Ka4 0-1